000 00839nam a2200229 a 4500
005 20210223130753.0
008 081103s1981 mx r 000 0 spa d
035 _aUPN01000164784
049 _aUNE
080 _a373.3/.4 (549.3) =20 ABE No.76.
100 1 _aAbeje, Haile Yesus
245 1 0 _aUniversalizing learning opportunities :
_bexperiences of an Asian Country /
_cby Haile Yesus Abeje.
260 _aParís :
_bUNESCO ;
_aNew York :
_bUNICEF,
_c1981.
300 _a8 p.
440 0 _aNotes, comments... ;
_v76
690 _aEnseñanza primaria - Acceso a la educacion - Bangladesh
690 _aOportunidades educacionales - Enseñanza primaria - Bangladesh
690 _aBangladesh - Enseñanza primaria - Educacion de adultos
710 2 _aUNICEF
_924085
710 2 _aPrograma de Alimentación Mundial
905 _aUNESCO
999 _c136896
_d136896